Technology transfer in pacific economic development

Gorde:
Xehetasun bibliografikoak
Egile nagusia: Kiyoshi, Kojima
Formatua: Liburua
Hizkuntza:Undetermined
Argitaratua: Tokyo The Japan Economic Research Center 1975
Gaiak:
Etiketak: Etiketa erantsi
Etiketarik gabe, Izan zaitez lehena erregistro honi etiketa jartzen!
Thư viện lưu trữ: Trung tâm Học liệu Trường Đại học Cần Thơ
LEADER 00487nam a2200169Ia 4500
001 CTU_78492
008 210402s9999 xx 000 0 und d
082 |a 338.9 
082 |b K79 
100 |a Kiyoshi, Kojima 
245 0 |a Technology transfer in pacific economic development 
245 0 |c Kiyoshi Kojima 
260 |a Tokyo 
260 |b The Japan Economic Research Center 
260 |c 1975 
650 |a Technology transfer 
980 |a Trung tâm Học liệu Trường Đại học Cần Thơ